| 000 | 00000cam 2200000zi 4500 |
| 001 | 9.957811 |
| 003 | CaOODSP |
| 005 | 20251211145752 |
| 006 | m o d f |
| 007 | cr mn||||||||| |
| 008 | 251128t20252025quca o f000 0 fre d |
| 020 | |a9780660799742 |
| 040 | |aCaOODSP|bfre|erda|cCaOODSP |
| 041 | |afre|beng |
| 043 | |an-cn--- |
| 086 | 1 |aSE3-145/2025F-PDF |
| 245 | 00|aÉtude qualitative auprès des électeurs pour la 45e élection générale fédérale : |brapport de recherche / |cproduit pour Élections Canada. |
| 264 | 1|aGatineau (Québec) : |bÉlections Canada, |c2025. |
| 264 | 4|c©2025 |
| 300 | |a1 ressource en ligne (90 pages) : |billustrations en couleur |
| 336 | |atexte|btxt|2rdacontent/fre |
| 337 | |ainformatique|bc|2rdamedia/fre |
| 338 | |aressource en ligne|bcr|2rdacarrier/fre |
| 500 | |aPublié aussi en anglais sous le titre : Qualitative study of electors for the 45th federal general election : research report. |
| 500 | |a« Fournisseur : Earnscliffe Strategy Group. » |
| 500 | |a« Numéro du contrat : CW2362237. » |
| 500 | |a« Date de livraison : 27 juin 2025. » |
| 500 | |a« Numéro d'enregistrement : POR 002-24. » |
| 520 | |a« Earnscliffe Strategy Group (Earnscliffe) a le plaisir de présenter à Élections Canada ce rapport qui résume les résultats d’une recherche qualitative visant à recueillir de l’information sur les perceptions relatives au processus électoral et à Élections Canada, les raisons de voter ou non, l’expérience de vote, la consommation de médias et les sources d’information, ainsi que l’appréciation et la compréhension de la Campagne d’information des électeurs pour la 45e élection générale au Canada » -- Sommaire, page 1. |
| 546 | |aComprend du texte en anglais. |
| 610 | 16|aCanada. |bParlement|xÉlections|xOpinion publique. |
| 610 | 16|aCanada. |bParlement|xÉlections, 2025. |
| 650 | 6|aÉlections|zCanada|xOpinion publique. |
| 650 | 6|aVote|zCanada|xOpinion publique. |
| 650 | 6|aOpinion publique|zCanada. |
| 710 | 2 |aÉlections Canada, |eorganisme de publication. |
| 710 | 2 |aEarnscliffe Strategy Group, |econsultant. |
| 775 | 08|tQualitative study of electors for the 45th federal general election : |w(CaOODSP)9.957806 |
| 856 | 40|qPDF|s11.0 Mo|uhttps://publications.gc.ca/collections/collection_2025/elections/SE3-145-2025-fra.pdf|z(rapport de recherche) |
| 856 | 4 |qHTML|sS.O.|uhttps://epe.bac-lac.gc.ca/100/200/301/pwgsc-tpsgc/por-ef/elections_canada/2025/002-24-f/index_f.html|z(rapport de recherche) |
| 856 | 4 |qHTML|sS.O.|uhttps://epe.bac-lac.gc.ca/100/200/301/pwgsc-tpsgc/por-ef/elections_canada/2025/002-24-f/index.html|z(ensemble de données complet) |